[Event "Ceske Budejovice op-B"]
[Site "Ceske Budejovice"]
[Date "2023.07.07"]
[Round "7"]
[White "Rychlik, Zdenek"]
[Black "Cyron, Karel"]
[Result "1/2-1/2"]
[WhiteElo "1643"]
[BlackElo "1672"]
[PlyCount "20"]
[EventDate "2023.07.01"]
[EventType "swiss"]
[EventRounds "9"]
[EventCountry "CZE"]
[SourceTitle "EXT 2024"]
[Source "ChessBase"]
[SourceDate "2023.10.10"]
[SourceVersion "1"]
[SourceVersionDate "2023.10.10"]
[SourceQuality "1"]

1. e4 e5 2. Nf3 Nc6 3. Bb5 a6 4. Ba4 Nf6 5. d3 d6 6. h3 Be7 7. c3 b5 8. Bc2 0-0 9. 0-0 Bb7 10. Bg5 h6 1/2-1/2

[Event "Ceske Budejovice op-B"]
[Site "Ceske Budejovice"]
[Date "2023.07.04"]
[Round "4"]
[White "Sosovickova, Martina"]
[Black "Rychlik, Zdenek"]
[Result "0-1"]
[WhiteElo "1730"]
[BlackElo "1643"]
[PlyCount "85"]
[EventDate "2023.07.01"]
[EventType "swiss"]
[EventRounds "9"]
[EventCountry "CZE"]
[SourceTitle "EXT 2024"]
[Source "ChessBase"]
[SourceDate "2023.10.10"]
[SourceVersion "1"]
[SourceVersionDate "2023.10.10"]
[SourceQuality "1"]

1. e4 e5 2. Nf3 Nc6 3. Bc4 f5 4. d3 Bc5 5. 0-0 f4 6. c3 Qf6 7. b4 Be7 8. b5 Na5 9. Bxg8 Rxg8 10. d4 d6 11. dxe5 Qf7 12. exd6 cxd6 13. e5 d5 14. Qa4 Nc4 15. Nbd2 g5 16. Nxc4 dxc4 17. b6+ Bd7 18. Qxa7 Rd8 19. Nd4 Qd5 20. e6 Bc6 21. Nxc6 Qxc6 22. Qa5 Rd5 23. Qa7 Rg6 24. Qb8+ Rd8 25. Qe5 Bf6 26. Qe1 Be7 27. Qe2 Rxe6 28. Qh5+ Kd7 29. Qxh7 Kc8 30. Bb2 Rd2 31. Rfe1 Qxb6 32. Qh3 Qxf2+ 33. Kh1 Rde2 34. Rxe2 Qxe2 35. Rg1 g4 36. Qh8+ Kc7 37. Bc1 Bd6 38. Qg7+ Re7 39. Qf6 f3 40. Bf4 fxg2+ 41. Rxg2 Qf1+ 42. Rg1 Qf3+ 43. Rg2 0-1

[Event "Ceske Budejovice op-B"]
[Site "Ceske Budejovice"]
[Date "2023.07.03"]
[Round "3"]
[White "Rychlik, Zdenek"]
[Black "Velim, Vojtech"]
[Result "1-0"]
[WhiteElo "1643"]
[BlackElo "1483"]
[PlyCount "115"]
[EventDate "2023.07.01"]
[EventType "swiss"]
[EventRounds "9"]
[EventCountry "CZE"]
[SourceTitle "EXT 2024"]
[Source "ChessBase"]
[SourceDate "2023.10.10"]
[SourceVersion "1"]
[SourceVersionDate "2023.10.10"]
[SourceQuality "1"]

1. e4 c6 2. c4 d5 3. exd5 cxd5 4. c5 e5 5. d4 exd4 6. Qxd4 Nc6 7. Bb5 Nf6 8. Nf3 Bd7 9. Bxc6 bxc6 10. Bg5 Qa5+ 11. b4 Qd8 12. Nc3 h6 13. Bh4 a5 14. 0-0 axb4 15. Rfe1+ Be6 16. Qxb4 Be7 17. Nd4 Qd7 18. Na4 Bd8 19. Nb6 Bxb6 20. Qxb6 0-0 21. Qxc6 Qxc6 22. Nxc6 g5 23. Bg3 Ne4 24. Rec1 Ra6 25. Nb4 Ra4 26. a3 Rfa8 27. c6 Rxa3 28. Rxa3 Rxa3 29. c7 Kg7 30. Nxd5 Nxg3 31. hxg3 Rd3 32. Nb6 Rd6 33. c8Q Bxc8 34. Nxc8 Ra6 35. Ne7 Re6 36. Nf5+ Kg6 37. g4 Ra6 38. Nd4 Ra5 39. f3 Ra6 40. Rc4 Ra2 41. Kh2 Rd2 42. Kg3 Rd3 43. Ne2 Ra3 44. Kf2 Ra6 45. Nd4 Ra2+ 46. Rc2 Ra4 47. Ke3 Ra8 48. g3 Ra1 49. Ne2 Ra3+ 50. Rc3 Ra6 51. Nd4 Ra2 52. Rc2 Ra3+ 53. Ke4 Ra4 54. Rc3 h5 55. Rc6+ f6 56. gxh5+ Kxh5 57. Rxf6 g4 58. Rf5+ 1-0

[Event "Ceske Budejovice op-B"]
[Site "Ceske Budejovice"]
[Date "2020.07.09"]
[Round "9"]
[White "Rychlik, Zdenek"]
[Black "Simacek, Vaclav"]
[Result "1/2-1/2"]
[WhiteElo "1701"]
[BlackElo "1816"]
[PlyCount "121"]
[EventDate "2020.07.01"]
[EventType "swiss"]
[EventRounds "9"]
[EventCountry "CZE"]
[SourceTitle "CBM 197 Extra"]
[Source "ChessBase"]
[SourceDate "2020.09.30"]
[SourceVersion "1"]
[SourceVersionDate "2020.09.30"]
[SourceQuality "1"]

1. e4 Nc6 2. d4 d5 3. exd5 Qxd5 4. Nf3 Bg4 5. Be2 Nf6 6. Nc3 Qh5 7. Be3 0-0-0 8. Ng5 Bxe2 9. Qxe2 Qg6 10. Qc4 e6 11. 0-0 h6 12. Nf3 Nd5 13. Nxd5 Rxd5 14. a3 Be7 15. Qa4 Ra5 16. Qc4 Rf5 17. Qe2 h5 18. c4 h4 19. h3 Qh5 20. Rfe1 g5 21. Nh2 Qxe2 22. Rxe2 Rd8 23. Rd1 Bf6 24. Nf3 e5 25. d5 e4 26. Nd4 Nxd4 27. Bxd4 Bxd4 28. Rxd4 c6 29. d6 c5 30. Rdxe4 Rxd6 31. Re5 Rd1+ 32. Kh2 Rxe5 33. Rxe5 f6 34. Rxc5+ Kd7 35. Rb5 b6 36. a4 Rd2 37. Kg1 Rc2 38. b3 Rc1+ 39. Kh2 Ke6 40. a5 bxa5 41. Rxa5 Rb1 42. Rb5 a5 43. g3 hxg3+ 44. Kxg3 Rc1 45. Rxa5 Rc3+ 46. f3 Rxb3 47. Rc5 Rd3 48. Rc8 Rd4 49. Re8+ Kf5 50. Rc8 Kg6 51. Rg8+ Kf7 52. Rc8 Ke7 53. Rc5 Rf4 54. Rc8 Rf5 55. Kg4 Rf4+ 56. Kg3 Kd7 57. Rc5 Kd6 58. Rc8 Ke5 59. Rc7 Kd4 60. Rc8 Ke3 61. Re8+ 1/2-1/2